000 00362 a2200121 4500
001 ART_51143
005 20260410161810.0
008 260409a
245 1 0 _aIlicitud y actividad societaria
100 1 _aCamerini, Marcelo A.
700 1 _aRichard, Efraín Hugo
773 0 _tDoctrina Societaria y Concursal
_g- N° 394 (sep. 2020)
_wREV4298
999 _c21383
_d21383